Postavenie a úloha spotrebiteľa v podmienkach trvalo udržateľnej spotreby
Vymedzenie trvalo udržateľnej spotreby. Spotrebiteľ ako kľúčový faktor trvalo udržateľnej spotreby.
Guardado en:
| Autor principal: | |
|---|---|
| Formato: | Capítulo de libro |
| Lenguaje: | eslovaco |
| Materias: | |
| Etiquetas: |
Sin Etiquetas, Sea el primero en etiquetar este registro!
|
MARC
| LEADER | 00000naa$a2200000$$$4500 | ||
|---|---|---|---|
| 001 | 0103776 | ||
| 005 | 20240507075518.0 | ||
| 041 | 0 | |a slo | |
| 044 | |a SK | ||
| 245 | 1 | 0 | |a Postavenie a úloha spotrebiteľa v podmienkach trvalo udržateľnej spotreby |c Barbora Lattová |
| 520 | |a Vymedzenie trvalo udržateľnej spotreby. Spotrebiteľ ako kľúčový faktor trvalo udržateľnej spotreby. | ||
| 610 | 2 | 0 | |a tovar |
| 610 | 2 | 0 | |a služby |
| 610 | 2 | 0 | |a spotreba |
| 610 | 2 | 0 | |a spotrebitelia |
| 100 | 1 | |a Lattová, Barbora | |